Dovedu to pochopit? : výukový materiál pro multikulturní výchovu

Korporativní autor: Varianty (program)
Jazyk: Čeština
Vydáno: Praha : Člověk v tísni, 2007
Vydání: Vyd. 1.
Témata:
Externí odkaz: Digitalizovaný dokument
Fyzický popis: 180 s. : il. (některé barev.) ; 30 cm + 1 CD-ROM
Knihy
Uloženo v:
LEADER 01696nam a2200457 a 4500
001 nkc20081785705
003 CZ PrNK
005 20091111104633.0
007 ta
008 080108s2007 xr a e f 000 0 cze
015 |a cnb001785705 
020 |a 978-80-86961-40-8  |q (váz.) 
035 |a (OCoLC)236554221 
040 |a OLA001  |b cze 
072 7 |a 37  |x Výchova a vzdělávání  |2 Konspekt  |9 22 
080 |a 37.043.2  |2 MRF 
080 |a 316.72/.75  |2 MRF 
080 |a 37.091.313  |2 MRF 
080 |a (072)  |2 MRF 
245 0 0 |a Dovedu to pochopit? :  |b výukový materiál pro multikulturní výchovu 
250 |a Vyd. 1. 
260 |a Praha :  |b Člověk v tísni,  |c 2007 
300 |a 180 s. :  |b il. (některé barev.) ;  |c 30 cm +  |e 1 CD-ROM 
500 |a Terminologické slovníky 
500 |a Varianty - projekt společnosti Člověk v tísni 
504 |a Obsahuje bibliografie a bibliografické odkazy 
650 0 7 |a multikulturní výchova  |7 ph829799  |2 czenas 
650 0 7 |a multikulturalismus  |7 ph123036  |2 czenas 
650 0 7 |a projektové vyučování  |7 ph196646  |2 czenas 
650 0 9 |a multicultural education  |2 eczenas 
650 0 9 |a multiculturalism  |2 eczenas 
650 0 9 |a project method in teaching  |2 eczenas 
655 7 |a metodické příručky  |7 fd132826  |2 czenas 
655 9 |a methodological manuals  |2 eczenas 
710 2 |a Varianty (program)  |7 xx0088136 
856 4 1 |u http://www.digitalniknihovna.cz/mzk/uuid/uuid:c8972120-0a4c-11e8-a0cf-005056827e52  |y Digitalizovaný dokument  |x NDK 
910 2 |a BOA001  |b 4-1201.014 
990 |a BK 
995 |a 01 
991 |b 200803  |c NOV 
996 6 |b 2610337808  |c 4-1201.014  |l MZK  |r Sklad / do 1 hodiny  |n 17  |p p.v.  |w 000888645  |u 000010  |a 1  |e BOA001  |j MZK50  |s P